Graham Norton's Sofa Celebrities Quiz Stats

 Plays Quiz not verified by Sporcle

Score 0/20 Timer 05:00
1 Play Today
% Correct
Robert De Niro, Anne Hathaway, Kenneth Branagh, Tom Hiddleston, The Shires
97.2%
Johnny Depp, Jennifer Lawrence, James McAvoy, Jack Whitehall & will.i.am
96.2%
Daniel Craig, Naomie Harris, Christoph Waltz, Sam Smith
95.6%
David Beckham, Carrie Fisher, Daisy Ridley, John Boyega, Kylie Minogue
94.7%
Matt Damon, Jessica Chastain, Bill Bailey, The Weeknd
94.2%
Matt LeBlanc, Rebel Wilson, Kit Harington, Mumford & Sons
93.9%
Russell Crowe, Tom Daley, Jodie Foster, Ryan Gosling, Greg Davies, Elton John, Bright Light Bright Light
93.5%
David Attenborough, Ice Cube, Kevin Hart, Olivia Colman, Hugh Laurie, Elle King
93%
Nicola Adams, Dwayne Johnson, Liam Hemsworth, Jeff Goldblum, Tom Odell
92.8%
Benedict Cumberbatch, Eddie Redmayne, Bryan Cranston, LeAnn Rimes
92%
% Correct
Chris Pratt, Melissa McCarthy, Jude Law, John Bishop, Florence Welch
91.9%
Nicole Kidman, Julie Walters, Hugh Bonneville, Take That
91.4%
Jeff Daniels, Jim Carrey, Nicole Scherzinger, Jude Law, Tamsin Greig
91.1%
Meryl Streep, Hugh Grant, Keeley Hawes, Joe & Jake
90.2%
Arnold Schwarzenegger, Emilia Clarke, Jake Gyllenhaal, Cara Delevingne, Tinie Tempah
89.1%
Tom Cruise, Olga Kurylenko, Gerard Butler, Paramore
89%
Sean Penn, Celia Imrie, Ross Noble, Kelly Clarkson
87.1%
Ben Affleck, Amy Adams, Henry Cavill
86.4%
Andrew Lloyd Webber, Rosamund Pike, Michael McIntyre, Coldplay
80.6%
Matthew Perry, Miriam Margolyes, Gemma Arterton, Jack Savoretti
79.9%

You're not logged in!

Compare scores with friends on all Sporcle quizzes.
OR
Log In

You Might Also Like...

Show Comments

Extras

Top Quizzes Today


Score Distribution

Your Account Isn't Verified!

In order to create a playlist on Sporcle, you need to verify the email address you used during registration. Go to your Sporcle Settings to finish the process.

Report this User

Report this user for behavior that violates our Community Guidelines.

Details: